000 00240nam a22000857a 4500
008 160926b xxu||||| |||| 00| 0 eng d
100 _9754
_aBala Subramanian.P.
245 _aBridges activity books-5
260 _aNew Delhi
_bFrank publications
_c2012
999 _c3411
_d3411